00701nam a2200229Ia 4500003000400000005001700004008004100021020002200062040000700084041001200091082001900103100002300122245002600145260004500171300001600216365001300232650002900245906002800274942001200302999001900314952013800333OSt20250808182810.0210423s1999 xx 000 0 und d a978-0-19-828928-9 cAL aEnglish a320.011 bSENI aAmartya Sen996662 aInequality reexamined aNew DelhibOxford University Pressc1999 axiv,207bPB b330cINR aPolitical Science996663 aInequality ; reexamined 2ddccBK c170741d170741 001040708ECOaSACPGbSACPGd2020-09-21eBiblios Book Pointg330.00l0o320.011 SENIpPG017243r2022-08-24 00:00:00w2021-04-26yBK